000 02231nam a2200289Ia 4500
999 _c41342
_d41342
001 8000
003 GE_BSU
005 20240212155448.0
008 181216s2007ge xx |||||||||||||| ||geo||
020 _a589512223
040 _cGE_BSU
041 _ageo
080 _a343.621+618 ა-26
100 _aახალაძე, ადამი (ვახტანგ არქიმანდრიტი)
_914970
245 _aდაბადებამდელი ბავშვის სიხარული და მწუხარება :
_bორსულობა და მუცლადყოფნის ხანის ბიოეთიკური პარადოქსები /
_cადამი (ვახტანგ არქიმანდრიტი) ახალაძე, ინგლ. ენაზე მთარგმნ. ცისანა (მარიამ) ბოცვაძე ; რუს. ენაზე მთარგმნ. ნინო მიქაბერიძე ; რედ. ავთანდილ არაბული.
250 _aბიოეთიკის კვლევისა და კულტ.ცენტრი.1-ლი გამოცემა.(თამარის დროშის ბიბლიოთეკა წ.2)
264 _aთბილისი :
_bთამარის დროშა,
_c2007.
300 _a160 გვ. :
_bილ. ;
_c22 სმ.
520 _aრეზიუმე ინგლისურ და რუსულ ენებზე
653 _aდაბადებამდელი ბავშვის სიხარული და მწუხარება
653 _aორსულობა და მუცლადყოფნის ხანის ბიოეთიკური პარადოქსები.
653 _aსამართალი
700 _aბოცვაძე, (მარიამ) ცისანა
_eმთარგმნელი
_914971
700 _aმიქაბერიძე, ნინო
_eმთარგმნელი
_914972
700 _aარაბული, ავთანდილ
_eრედაქტორი
_914973
942 _cBK
_2udc